[Event "Southend Easter U1900 op 67th"]
[Site "Southend"]
[Date "2025.04.19"]
[Round "4"]
[White "Williamson, Kevin J"]
[Black "Gopaldas, Caelan"]
[Result "1-0"]
[WhiteElo "1885"]
[BlackElo "1635"]
[PlyCount "113"]
[EventDate "2025.04.18"]
[EventType "swiss"]
[EventRounds "7"]
[EventCountry "ENG"]
[SourceTitle "CB18_2025"]
[SourceDate "2025.04.30"]
[SourceVersion "1"]
[SourceVersionDate "2025.04.30"]
[SourceQuality "1"]

1. d4 Nf6 2. Nc3 d5 3. Bg5 h6 4. Bxf6 gxf6 5. e3 Bf5 6. Bd3 Bg6 7. Bxg6 fxg6 8. Qd3 Rg8 9. Qb5+ Qd7 10. Qxb7 Qc6 11. Qxc6+ Nxc6 12. Nxd5 Kd8 13. Ne2 Rb8 14. 0-0-0 Bg7 15. Ndf4 Bh8 16. Nc3 g5 17. Ne6+ Kd7 18. Nc5+ Kd8 19. g4 Kc8 20. Rhe1 Na5 21. Nd5 Re8 22. e4 e5 23. dxe5 Rxe5 24. Nd3 Re6 25. f3 Nc4 26. b3 Ne5 27. Nxe5 fxe5 28. Rd3 Bf6 29. Red1 Be7 30. Nxe7+ Rxe7 31. Rd8+ Kb7 32. Rxb8+ Kxb8 33. Rd3 Kb7 34. Kd2 Kc6 35. c4 a5 36. Rd5 Kb6 37. a3 Re6 38. c5+ Kb5 39. Kc3 a4 40. c6+ Kxc6 41. bxa4 Kb6 42. Kb4 c6 43. a5+ Ka6 44. Rd8 Rf6 45. Ra8+ Kb7 46. Re8 Rxf3 47. Rxe5 Rf4 48. Kc5 Rf6 49. Rf5 Re6 50. e5 Re8 51. Kd6 Rd8+ 52. Ke7 Rc8 53. e6 c5 54. Kf7 c4 55. e7 c3 56. Rf1 h5 57. Kf6 1-0

[Event "Southend Easter rapid op 67th"]
[Site "Southend"]
[Date "2025.04.17"]
[Round "6"]
[White "Williamson, Kevin J"]
[Black "Saxena, Advik"]
[Result "0-1"]
[WhiteElo "1893"]
[BlackElo "1830"]
[PlyCount "82"]
[EventDate "2025.04.17"]
[EventType "swiss (rapid)"]
[EventRounds "6"]
[EventCountry "ENG"]
[SourceTitle "CB18_2025"]
[SourceDate "2025.04.30"]
[SourceVersion "1"]
[SourceVersionDate "2025.04.30"]
[SourceQuality "1"]

1. d4 Nf6 2. Nc3 e6 3. e4 Bb4 4. Bd3 Bxc3+ 5. bxc3 d5 6. e5 Nfd7 7. f4 c5 8. Nf3 c4 9. Be2 0-0 10. 0-0 Nc6 11. Be3 b5 12. g4 f5 13. gxf5 Rxf5 14. Ng5 h6 15. Nxe6 Qe7 16. Nc7 Rb8 17. Nxd5 Qf7 18. Nb4 Nxb4 19. cxb4 Qg6+ 20. Kh1 Bb7+ 21. Bf3 Rh5 22. Bxb7 Rxb7 23. Qf3 Rb8 24. Qd5+ Kh8 25. Rg1 Qxc2 26. Rg2 Qf5 27. Rag1 Rg8 28. Qxb5 Qh3 29. Bc1 Nf6 30. Qxc4 Rc8 31. Qf7 Ng4 32. Qxh5 Qxh5 33. Rxg4 Rxc1 34. Rxc1 Qxg4 35. Rf1 Qe2 36. Kg1 Qxa2 37. f5 Qd5 38. Rd1 Qf3 39. Re1 Qxf5 40. d5 Qg4+ 41. Kf2 Qd4+ 0-1

[Event "BCF-chT3E 2224 (4NCL)"]
[Site "England"]
[Date "2024.02.10"]
[Round "5.66"]
[White "Williamson, Kevin J"]
[Black "Alcock, Graham P"]
[Result "1-0"]
[WhiteElo "1846"]
[BlackElo "1774"]
[PlyCount "93"]
[EventDate "2023.11.11"]
[EventType "team-tourn"]
[EventRounds "11"]
[EventCountry "ENG"]
[SourceTitle "EXT 2025"]
[Source "ChessBase"]
[SourceDate "2024.10.14"]
[SourceVersion "1"]
[SourceVersionDate "2024.10.14"]
[SourceQuality "1"]
[WhiteTeam "MK Phoenix"]
[BlackTeam "Surbiton"]
[WhiteTeamCountry "ENG"]
[BlackTeamCountry "ENG"]

1. d4 Nf6 2. Nc3 g6 3. e4 d6 4. Bc4 Bg7 5. Qe2 Nc6 6. e5 Nxd4 7. exf6 Nxe2 8. fxg7 Rg8 9. Ngxe2 Rxg7 10. Bh6 Rg8 11. 0-0-0 e6 12. f4 Bd7 13. Bg5 f6 14. Bh4 g5 15. fxg5 fxg5 16. Bg3 Qe7 17. Rhe1 0-0-0 18. Nd4 Rg6 19. Bd3 Rgg8 20. Bc4 Rg6 21. Ndb5 Bxb5 22. Nxb5 a6 23. Nc3 e5 24. Nd5 Qg7 25. Rf1 h5 26. Rf7 Qh6 27. Ne7+ Kb8 28. Nxg6 Qxg6 29. Rdf1 h4 30. Rf8 Rxf8 31. Rxf8+ Ka7 32. Bf2+ c5 33. Bd5 g4 34. Be3 g3 35. h3 Qh5 36. Kd2 e4 37. Bxe4 Qe5 38. Bf3 Qg7 39. Rf4 Qe7 40. Re4 Qf6 41. c3 b5 42. a3 Kb6 43. Re8 Qf7 44. Rb8+ Ka5 45. Bg5 Qf5 46. Bd8+ Ka4 47. Bd1+ 1-0

[Event "BCF-chT3E 2224 (4NCL)"]
[Site "England"]
[Date "2023.11.11"]
[Round "1.15"]
[White "Trevelyan, John"]
[Black "Williamson, Kevin J"]
[Result "1-0"]
[WhiteElo "1864"]
[BlackElo "1852"]
[PlyCount "123"]
[EventDate "2023.11.11"]
[EventType "team-tourn"]
[EventRounds "11"]
[EventCountry "ENG"]
[SourceTitle "CBM 217 Extra"]
[Source "ChessBase"]
[SourceDate "2024.01.31"]
[SourceVersion "1"]
[SourceVersionDate "2024.01.31"]
[SourceQuality "1"]
[WhiteTeam "Rhyfelwyr Essyllwg"]
[BlackTeam "MK Phoenix"]
[WhiteTeamCountry "ENG"]
[BlackTeamCountry "ENG"]

1. d4 d5 2. Nf3 Nc6 3. Bf4 Bg4 4. e3 e6 5. c3 Bd6 6. h3 Bxf3 7. Qxf3 Bxf4 8. exf4 Qf6 9. Bb5 Nge7 10. Nd2 a6 11. Bd3 h5 12. 0-0 0-0-0 13. b4 g5 14. fxg5 Qxg5 15. Qe3 Qg7 16. f4 Rdg8 17. Rf2 h4 18. Raf1 Qh6 19. Rf3 f5 20. Re1 Rg6 21. Nb3 Rhg8 22. Bf1 Qg7 23. Qf2 Nd8 24. Nc5 Qh6 25. a4 Nf7 26. Rfe3 Nd8 27. a5 Nec6 28. Kh1 Nb8 29. Re5 Nd7 30. Nxd7 Kxd7 31. b5 axb5 32. Bxb5+ c6 33. Bf1 Nf7 34. Qb2 Rb8 35. a6 b5 36. a7 Ra8 37. Qa3 Nxe5 38. dxe5 Qf8 39. Qa5 Qd8 40. Qa3 Qc7 41. Ra1 Rg7 42. Qc5 Kc8 43. Ra6 Kb7 44. Bxb5 cxb5 45. Qxb5+ Kc8 46. Rc6 Rxa7 47. Rxc7+ Rgxc7 48. Qe8+ Kb7 49. Qxe6 Ra1+ 50. Kh2 Rxc3 51. Qxd5+ Kb8 52. Qd8+ Kb7 53. Qxh4 Rc2 54. Qh7+ Kc6 55. Qxf5 Raa2 56. Qe4+ Kd7 57. Qd5+ Ke8 58. f5 Rd2 59. Qc6+ Kf8 60. Qc8+ Kf7 61. Qb7+ Kg8 62. f6 1-0

[Event "Southend Easter op 64th"]
[Site "Southend"]
[Date "2022.04.18"]
[Round "7"]
[White "Williamson, Kevin J"]
[Black "Varnam, Liam"]
[Result "0-1"]
[WhiteElo "1878"]
[BlackElo "2087"]
[PlyCount "40"]
[EventDate "2022.04.15"]
[EventType "swiss"]
[EventRounds "7"]
[EventCountry "ENG"]
[SourceTitle "CBM 207 Extra"]
[Source "ChessBase"]
[SourceDate "2022.05.31"]
[SourceVersion "1"]
[SourceVersionDate "2022.05.31"]
[SourceQuality "1"]

1. d4 Nf6 2. Nc3 d5 3. Bg5 Nbd7 4. e3 e6 5. Qf3 Be7 6. 0-0-0 c5 7. h4 Qa5 8. Kb1 b5 9. Bxb5 Rb8 10. Bxf6 Bxf6 11. Bxd7+ Bxd7 12. Nge2 Qb4 13. b3 0-0 14. g4 Rfc8 15. g5 Be7 16. Rdg1 c4 17. Nd1 cxb3 18. axb3 Qd2 19. Ndc3 Rxc3 20. Nxc3 Qxc3 0-1

[Event "Southend Easter op 64th"]
[Site "Southend"]
[Date "2022.04.15"]
[Round "2"]
[White "Williamson, Kevin J"]
[Black "Badacsonyi, Stanley Ethan Artie"]
[Result "1/2-1/2"]
[WhiteElo "1878"]
[BlackElo "1476"]
[PlyCount "54"]
[EventDate "2022.04.15"]
[EventType "swiss"]
[EventRounds "7"]
[EventCountry "ENG"]
[SourceTitle "CBM 207 Extra"]
[Source "ChessBase"]
[SourceDate "2022.05.31"]
[SourceVersion "1"]
[SourceVersionDate "2022.05.31"]
[SourceQuality "1"]

1. d4 Nf6 2. Nc3 d5 3. Bg5 e6 4. Nf3 Be7 5. Bxf6 Bxf6 6. e4 c6 7. e5 Be7 8. Bd3 a6 9. a4 c5 10. dxc5 Bxc5 11. 0-0 Nc6 12. Qe2 Qc7 13. Nb1 g5 14. Nxg5 Qxe5 15. Qxe5 Nxe5 16. Be2 b6 17. Nd2 Bb7 18. Ngf3 Bd6 19. c3 Ke7 20. Nxe5 Bxe5 21. Rfe1 Bd6 22. a5 b5 23. Rad1 Rac8 24. Bf3 Rhd8 25. g3 Ba8 26. Be2 Bb7 27. Bf3 Ba8 1/2-1/2

[Event "ENG-ch Seniors 50"]
[Site "Milton Keynes"]
[Date "2021.10.10"]
[Round "7"]
[White "Woods, Timothy J"]
[Black "Williamson, Kevin J"]
[Result "0-1"]
[WhiteElo "1565"]
[BlackElo "1859"]
[PlyCount "84"]
[EventDate "2021.10.04"]
[EventType "swiss"]
[EventRounds "7"]
[EventCountry "ENG"]
[SourceTitle "EXT 2023"]
[Source "ChessBase"]
[SourceDate "2022.10.05"]
[SourceVersion "1"]
[SourceVersionDate "2022.10.05"]
[SourceQuality "1"]

1. e4 d5 2. exd5 Qxd5 3. Nc3 Qd8 4. d4 c6 5. Bc4 Nf6 6. Nf3 Bf5 7. 0-0 e6 8. Re1 Be7 9. Ne5 0-0 10. Ne2 Nbd7 11. Ng3 Bg6 12. Qe2 Nxe5 13. dxe5 Nd5 14. c3 Qc7 15. Bd2 Rfd8 16. Rad1 Rd7 17. Bb3 Rad8 18. Kh1 a5 19. Bc1 b5 20. f4 a4 21. Bc2 Bxc2 22. Qxc2 Bh4 23. Qf2 Ne7 24. Rxd7 Qxd7 25. Qf3 Qd5 26. Qxd5 Rxd5 27. Rf1 Bxg3 28. hxg3 h5 29. Kh2 Nf5 30. b3 Rd3 31. Rf3 Rd1 32. Ba3 Rd2 33. bxa4 Rxa2 34. c4 bxa4 35. Rd3 Rc2 36. c5 Kh7 37. Kh3 Kg6 38. Kh2 Rc4 39. Kh3 Rd4 40. Rc3 Ne7 41. Bb2 Nd5 42. Ra3 Rb4 0-1

[Event "ENG-ch Seniors 50"]
[Site "Milton Keynes"]
[Date "2021.10.05"]
[Round "2"]
[White "Williamson, Kevin J"]
[Black "Robson, Ian A"]
[Result "0-1"]
[WhiteElo "1859"]
[BlackElo "2189"]
[PlyCount "74"]
[EventDate "2021.10.04"]
[EventType "swiss"]
[EventRounds "7"]
[EventCountry "ENG"]
[SourceTitle "EXT 2023"]
[Source "ChessBase"]
[SourceDate "2022.10.05"]
[SourceVersion "1"]
[SourceVersionDate "2022.10.05"]
[SourceQuality "1"]

1. d4 d5 2. Nf3 Nf6 3. e3 e6 4. Bd3 Nbd7 5. Nbd2 Bd6 6. 0-0 0-0 7. Qe2 e5 8. dxe5 Nxe5 9. Nxe5 Bxe5 10. Nf3 Bd6 11. c4 Re8 12. cxd5 Nxd5 13. Qc2 h6 14. Bc4 Nb6 15. Be2 Qf6 16. Bd2 Bf5 17. Qc3 Qe7 18. Rad1 c6 19. Nd4 Bg6 20. Bd3 Bxd3 21. Qxd3 Rad8 22. Qc2 Be5 23. Bc3 g6 24. Nf3 Bxc3 25. Qxc3 Nd5 26. Qb3 Qb4 27. Qc2 Qb6 28. Rfe1 a5 29. Nh4 Kh7 30. b3 Qb4 31. Nf3 Qc3 32. Qb1 Qf6 33. Qc2 Nb4 34. Qe2 Rxd1 35. Rxd1 Rd8 36. a3 Qb2 37. Nd4 Qxe2 0-1

[Event "BCF-chT4S 1718 (4NCL)"]
[Site "England"]
[Date "2018.02.11"]
[Round "6.104"]
[White "Williamson, Kevin J"]
[Black "Henbest, Kevin B"]
[Result "1-0"]
[WhiteElo "1903"]
[BlackElo "1666"]
[PlyCount "63"]
[EventDate "2017.11.11"]
[EventType "team-swiss"]
[EventRounds "11"]
[EventCountry "ENG"]
[SourceTitle "EXT 2020"]
[Source "ChessBase"]
[SourceDate "2019.10.17"]
[SourceVersion "1"]
[SourceVersionDate "2019.10.17"]
[SourceQuality "1"]
[WhiteTeam "MK Phoenix II"]
[BlackTeam "Oxford IV"]
[WhiteTeamCountry "ENG"]
[BlackTeamCountry "ENG"]

1. d4 Nf6 2. Nc3 g6 3. e4 d6 4. Nf3 Bg7 5. Be2 0-0 6. h3 Nbd7 7. 0-0 c5 8. Be3 cxd4 9. Nxd4 a6 10. a4 Nc5 11. Bf3 e5 12. Nde2 Ne8 13. Bxc5 f5 14. Ba3 f4 15. Kh2 g5 16. Qd5+ Kh8 17. Rad1 Rf6 18. Bg4 Bxg4 19. hxg4 Rh6+ 20. Kg1 f3 21. Ng3 fxg2 22. Kxg2 Qd7 23. Nf5 Nc7 24. Qd2 Ne6 25. Nxh6 Nf4+ 26. Kg3 d5 27. Nf5 d4 28. Rh1 Bf6 29. Rh6 Ng6 30. Nd5 Bg7 31. Nxg7 Kxg7 32. Rxh7+ 1-0

[Event "Gibraltar Challengers-B"]
[Site "Caleta"]
[Date "2018.01.30"]
[Round "4"]
[White "Williamson, Kevin J"]
[Black "Suez Panama, Gilles"]
[Result "1/2-1/2"]
[WhiteElo "1905"]
[BlackElo "1959"]
[PlyCount "136"]
[EventDate "2018.01.27"]
[EventType "swiss"]
[EventRounds "5"]
[EventCountry "GGB"]
[SourceTitle "EXT 2019"]
[Source "ChessBase"]
[SourceDate "2018.10.10"]
[SourceVersion "1"]
[SourceVersionDate "2018.10.10"]
[SourceQuality "1"]

1. d4 Nf6 2. Nc3 d5 3. Bg5 e6 4. Nf3 c5 5. e4 dxe4 6. Nxe4 Nbd7 7. dxc5 Bxc5 8. Nxc5 Qa5+ 9. Qd2 Qxc5 10. Bd3 0-0 11. 0-0 h6 12. Be3 Qh5 13. c3 b6 14. Be2 Bb7 15. Rad1 Nc5 16. Bxc5 Qxc5 17. Qd6 Qa5 18. a3 Be4 19. Qe5 Qxe5 20. Nxe5 Bc2 21. Rd2 Bb3 22. Bc4 Ne4 23. Rd4 Nc5 24. Bxb3 Nxb3 25. Rd6 Nc5 26. Rfd1 Ne4 27. R6d4 Nc5 28. f3 Rfc8 29. Kf2 b5 30. Rd6 Na4 31. R1d2 Nb6 32. R6d3 f6 33. Ng6 Kf7 34. Nf4 g5 35. Ne2 Nc4 36. Rc2 Rd8 37. Rxd8 Rxd8 38. Nd4 a6 39. Ke2 h5 40. Nb3 Rd5 41. Nd2 Re5+ 42. Kf2 Ne3 43. Rc1 f5 44. Re1 f4 45. Ne4 Ke7 46. Re2 a5 47. b3 Rd5 48. Rd2 Rxd2+ 49. Nxd2 Nd1+ 50. Ke2 Nxc3+ 51. Kd3 Nd5 52. Ne4 g4 53. Kd4 Ne3 54. fxg4 hxg4 55. g3 Nc2+ 56. Kc3 fxg3 57. hxg3 Nxa3 58. Nf2 b4+ 59. Kd3 Kf6 60. Nxg4+ Kf5 61. Ne3+ Kg5 62. Nc4 Nb5 63. Nxa5 Nc3 64. Nc6 Na2 65. Kc4 Kg4 66. Nxb4 Nc1 67. Nd3 Nxb3 68. Kxb3 Kxg3 1/2-1/2

[Event "Gibraltar Challengers-B"]
[Site "Caleta"]
[Date "2018.01.28"]
[Round "2"]
[White "Williamson, Kevin J"]
[Black "Diaz Mino, Pablo"]
[Result "0-1"]
[WhiteElo "1905"]
[BlackElo "2050"]
[PlyCount "114"]
[EventDate "2018.01.27"]
[EventType "swiss"]
[EventRounds "5"]
[EventCountry "GGB"]
[SourceTitle "EXT 2019"]
[Source "ChessBase"]
[SourceDate "2018.10.10"]
[SourceVersion "1"]
[SourceVersionDate "2018.10.10"]
[SourceQuality "1"]

1. d4 d5 2. Nc3 Nf6 3. Bg5 c5 4. Bxf6 gxf6 5. e3 e6 6. Qh5 Nc6 7. 0-0-0 cxd4 8. exd4 Bb4 9. Nge2 f5 10. g3 Qf6 11. Bg2 Qg6 12. Qf3 Bd7 13. Kb1 0-0-0 14. Qe3 Na5 15. Nf4 Qg7 16. Bf1 Bd6 17. Nb5 Bxb5 18. Bxb5 Bxf4 19. Qxf4 a6 20. Qd2 Nc4 21. Bxc4 dxc4 22. Qc3 b5 23. b3 Kb7 24. bxc4 Rc8 25. Qf3+ Rc6 26. cxb5 axb5 27. Rhe1 Rd8 28. Qe3 Rd5 29. Rd3 Rc4 30. Red1 h5 31. f4 Qf6 32. Rb3 Ka6 33. c3 Qh8 34. Rd2 Qc8 35. Ra3+ Kb6 36. Rb2 Qc7 37. Rab3 Qc8 38. a3 Qc6 39. Ra2 Qa8 40. Rb4 Qc8 41. Rb3 Qa8 42. Qd2 Qa6 43. Qd3 Kc6 44. Qf3 Qa5 45. Rb4 Kd6 46. Kb2 Qc7 47. Qd3 Qc6 48. Rxc4 bxc4 49. Qd1 Rb5+ 50. Ka1 Qb6 51. Qc1 Rb3 52. Qe1 f6 53. Qc1 Qa5 54. a4 Rxc3 55. Qb1 Rb3 56. Qc1 Kd5 57. Qc2 Qe1+ 0-1

[Event "BCF-chT4S 1617 (4NCL)"]
[Site "England"]
[Date "2017.04.30"]
[Round "10.33"]
[White "Williamson, Kevin J"]
[Black "Davis, Lee"]
[Result "0-1"]
[WhiteElo "1938"]
[BlackElo "2030"]
[PlyCount "88"]
[EventDate "2016.11.26"]
[EventType "team-swiss"]
[EventRounds "11"]
[EventCountry "ENG"]
[SourceTitle "EXT 2019"]
[Source "ChessBase"]
[SourceDate "2018.10.10"]
[SourceVersion "1"]
[SourceVersionDate "2018.10.10"]
[SourceQuality "1"]
[WhiteTeam "MK Phoenix II"]
[BlackTeam "The Full Ponty"]
[WhiteTeamCountry "ENG"]
[BlackTeamCountry "WLS"]

1. d4 Nf6 2. Nf3 g6 3. Nbd2 Bg7 4. e4 d6 5. Bd3 0-0 6. 0-0 Nc6 7. c3 e5 8. h3 Nd7 9. Nb3 a5 10. a4 exd4 11. Nbxd4 Nde5 12. Nxc6 Nxf3+ 13. Qxf3 bxc6 14. Be3 Rb8 15. Qe2 c5 16. f4 Re8 17. Rae1 Bb7 18. Bc1 Bc6 19. Qd1 Qd7 20. Bc2 c4 21. f5 d5 22. f6 Bf8 23. e5 Re6 24. Qg4 Rbe8 25. Bf5 Bxa4 26. Bxe6 Rxe6 27. h4 Bc2 28. h5 Bc5+ 29. Kh1 Qe8 30. hxg6 Bxg6 31. Qg5 d4 32. Rf4 dxc3 33. bxc3 Bd6 34. Rfe4 a4 35. R4e3 Bf8 36. Rh3 Rb6 37. Bf4 a3 38. Ra1 Rb3 39. Qg3 Bc5 40. Bh6 a2 41. Be3 Bxe3 42. Qxe3 Rb1+ 43. Kh2 Rxa1 44. Rg3 Rf1 0-1

[Event "Milton Keynes 4NCL Major op 11th"]
[Site "Milton Keynes"]
[Date "2016.11.05"]
[Round "2.1"]
[White "Williamson, Kevin J"]
[Black "Ireland, David J"]
[Result "1-0"]
[WhiteElo "1959"]
[BlackElo "1924"]
[PlyCount "75"]
[EventDate "2016.11.04"]
[EventType "swiss"]
[EventRounds "5"]
[EventCountry "ENG"]
[SourceTitle "EXT 2023"]
[Source "ChessBase"]
[SourceDate "2022.10.05"]
[SourceVersion "1"]
[SourceVersionDate "2022.10.05"]
[SourceQuality "1"]

1. d4 Nf6 2. Nc3 d5 3. Nf3 Bf5 4. Bg5 e6 5. e3 Bb4 6. Bd3 Bxd3 7. cxd3 c6 8. 0-0 0-0 9. Qb3 Bxc3 10. bxc3 Qb6 11. Bxf6 gxf6 12. Qd1 Nd7 13. Rb1 Qc7 14. Nh4 f5 15. Qh5 b6 16. f4 Kh8 17. h3 Nf6 18. Qh6 Qe7 19. Nf3 Ng8 20. Qh5 Nf6 21. Qh4 Ng8 22. Ng5 h6 23. Qh5 f6 24. Nf3 Qf7 25. Qh4 Qg7 26. Kf2 Ne7 27. g4 fxg4 28. hxg4 Rg8 29. Rh1 Kh7 30. Rh2 Qf8 31. Rbh1 Rg6 32. e4 dxe4 33. dxe4 Ng8 34. f5 exf5 35. gxf5 Rg5 36. Nxg5+ fxg5 37. Qxg5 c5 38. Qg6+ 1-0

[Event "Southend op 60th"]
[Site "Southend"]
[Date "2016.03.26"]
[Round "3"]
[White "Williamson, Kevin J"]
[Black "Pert, Richard G"]
[Result "0-1"]
[WhiteElo "1950"]
[BlackElo "2448"]
[PlyCount "68"]
[EventDate "2016.03.25"]
[EventType "swiss"]
[EventRounds "7"]
[EventCountry "ENG"]
[SourceTitle "CBM 171 Extra"]
[Source "ChessBase"]
[SourceDate "2016.04.26"]
[SourceVersion "1"]
[SourceVersionDate "2016.04.26"]
[SourceQuality "1"]

1. d4 Nf6 2. Nc3 d5 3. Bg5 h6 4. Bxf6 exf6 5. e3 c6 6. Bd3 f5 7. Qf3 g6 8. Nge2 Nd7 9. 0-0-0 Nf6 10. h3 Bd6 11. Nf4 Qe7 12. g3 Bd7 13. Kb1 0-0-0 14. Na4 Kb8 15. Ne2 Ne4 16. Bxe4 fxe4 17. Qg2 h5 18. Nac3 h4 19. g4 g5 20. Rdg1 Rhf8 21. Kc1 f5 22. gxf5 Rxf5 23. Nd1 Rdf8 24. Nec3 Be8 25. Rf1 Bh5 26. Kd2 Bf3 27. Qg1 Qc7 28. a3 a6 29. Nb1 c5 30. c3 Qb6 31. dxc5 Qxc5 32. Ke1 Qb5 33. Kd2 Bxd1 34. Kxd1 Qxb2 0-1

[Event "Southend op 60th"]
[Site "Southend"]
[Date "2016.03.25"]
[Round "1"]
[White "Williamson, Kevin J"]
[Black "Lewis, Andrew P"]
[Result "1-0"]
[WhiteElo "1950"]
[BlackElo "2288"]
[PlyCount "89"]
[EventDate "2016.03.25"]
[EventType "swiss"]
[EventRounds "7"]
[EventCountry "ENG"]
[SourceTitle "CBM 171 Extra"]
[Source "ChessBase"]
[SourceDate "2016.04.26"]
[SourceVersion "1"]
[SourceVersionDate "2016.04.26"]
[SourceQuality "1"]

1. d4 Nf6 2. Nc3 d5 3. Bg5 Nbd7 4. e3 e6 5. Nf3 h6 6. Bh4 Be7 7. Bd3 c5 8. 0-0 a6 9. Ne5 Nxe5 10. dxe5 Nd7 11. Bxe7 Qxe7 12. f4 b5 13. Qg4 Bb7 14. a3 h5 15. Qg3 g6 16. h3 Bc6 17. Be2 h4 18. Qf2 g5 19. Bf3 0-0-0 20. a4 b4 21. Ne2 Rdf8 22. c4 f5 23. cxd5 exd5 24. Rfd1 Qf7 25. Rac1 Kb7 26. fxg5 f4 27. exf4 Rc8 28. Bg4 Qe7 29. Bxd7 Bxd7 30. Rxd5 Bxa4 31. Rdxc5 Rxc5 32. Qxc5 Qxc5+ 33. Rxc5 Rd8 34. e6 Rd2 35. Re5 Kc7 36. g6 Rd8 37. f5 Kd6 38. Re4 Ke7 39. Rxb4 Bc6 40. Rxh4 Kf6 41. Nd4 Bd5 42. Rg4 Rb8 43. h4 a5 44. g7 Rg8 45. Kf2 1-0

[Event "BCF-chT3Sb 1516 (4NCL)"]
[Site "England"]
[Date "2016.02.14"]
[Round "6.117"]
[White "Williamson, Kevin J"]
[Black "Okhai, Shabir"]
[Result "0-1"]
[WhiteElo "1956"]
[BlackElo "2047"]
[PlyCount "80"]
[EventDate "2015.11.14"]
[EventType "team-swiss"]
[EventRounds "7"]
[EventCountry "ENG"]
[SourceTitle "EXT 2017"]
[Source "ChessBase"]
[SourceDate "2016.10.25"]
[SourceVersion "1"]
[SourceVersionDate "2016.10.25"]
[SourceQuality "1"]
[WhiteTeam "MK Phoenix II"]
[BlackTeam "Fermented Sharks"]
[WhiteTeamCountry "ENG"]
[BlackTeamCountry "ENG"]

1. d4 d5 2. Nc3 Nf6 3. Bg5 Nbd7 4. Nf3 h6 5. Bh4 e6 6. e3 c5 7. Be2 Be7 8. 0-0 0-0 9. Ne5 cxd4 10. exd4 Nxe5 11. dxe5 Nd7 12. Bxe7 Qxe7 13. f4 a6 14. Kh1 b6 15. Qd2 Bb7 16. a3 Rfc8 17. Rad1 Rc7 18. Bd3 Rd8 19. Ne2 Nc5 20. c3 Nxd3 21. Qxd3 Qd7 22. Nd4 b5 23. Qg3 Kh7 24. Rd3 a5 25. f5 b4 26. fxe6 fxe6 27. Rf4 bxc3 28. bxc3 Re8 29. Qg4 Qe7 30. Nb5 Rc4 31. Rdd4 Rf8 32. Rxc4 dxc4 33. Nd6 Bd5 34. h3 Rxf4 35. Qxf4 Qc7 36. Qd4 Qc6 37. Kh2 Qa4 38. Qc5 Qc2 39. Qg1 Qxc3 40. Qb1+ Qd3 0-1

[Event "BCF-chT3 1415 (4NCL)"]
[Site "England"]
[Date "2015.03.21"]
[Round "8.99"]
[White "Williamson, Kevin J"]
[Black "Dydak, Mateusz"]
[Result "1-0"]
[WhiteElo "1979"]
[BlackElo "1874"]
[PlyCount "107"]
[EventDate "2015.03.21"]
[EventType "team-swiss"]
[EventRounds "11"]
[EventCountry "ENG"]
[SourceTitle "EXT 2016"]
[Source "ChessBase"]
[SourceDate "2015.10.08"]
[SourceVersion "1"]
[SourceVersionDate "2015.10.08"]
[SourceQuality "1"]
[WhiteTeam "MK Phoenix II"]
[BlackTeam "West is Best II"]
[WhiteTeamCountry "ENG"]
[BlackTeamCountry "ENG"]

1. Nc3 d5 2. e4 dxe4 3. Nxe4 Nf6 4. Nxf6+ exf6 5. Bc4 Bd6 6. Ne2 0-0 7. 0-0 Bg4 8. f3 Bh5 9. d4 Bg6 10. c3 c6 11. Bf4 Qc7 12. Qd2 Nd7 13. Bxd6 Qxd6 14. Qf4 Qe7 15. Rfe1 Qd8 16. Qd6 Nb6 17. Qxd8 Raxd8 18. Bb3 a5 19. Nf4 Rfe8 20. Nxg6 hxg6 21. a4 Rxe1+ 22. Rxe1 Kf8 23. Kf2 Nd5 24. Bxd5 Rxd5 25. Ke3 Ke7 26. Kd3+ Kd7 27. b4 Rh5 28. h3 b6 29. Rb1 Kc7 30. Re1 Kd7 31. f4 Kd8 32. Re3 Kd7 33. g4 Rh8 34. Kc4 Ra8 35. b5 Rc8 36. bxc6+ Kxc6 37. d5+ Kd6+ 38. Kd4 f5 39. c4 fxg4 40. hxg4 Rh8 41. Rb3 Kc7 42. c5 bxc5+ 43. Kxc5 Rh1 44. d6+ Kd7 45. Rb7+ Ke6 46. Re7+ Kf6 47. g5+ Kf5 48. Rxf7+ Ke6 49. Re7+ Kf5 50. d7 Rd1 51. Re5+ Kxf4 52. Rd5 Rc1+ 53. Kd6 Rc8 54. dxc8Q 1-0